Essential COM
Αποθηκεύτηκε σε:
| Κύριος συγγραφέας: | |
|---|---|
| Μορφή: | Βιβλίο |
| Γλώσσα: | English |
| Δημοσίευση: |
Reading Mass. :
Addison-Wesley,
c1998
|
| Σειρά: | Addison-Wesley object technology series
|
| Θέματα: | |
| Ετικέτες: |
Προσθήκη ετικέτας
Δεν υπάρχουν, Καταχωρήστε ετικέτα πρώτοι!
|
MARC
| LEADER | 00000nam a2200000 i 4500 | ||
|---|---|---|---|
| 001 | 1/91225 | ||
| 008 | 991101s1998 eng d | ||
| 020 | |a 0201634465 | ||
| 035 | |l 10053489 | ||
| 040 | |a GR-MY-UA |b gre |e aacr | ||
| 041 | 0 | |a eng | |
| 082 | 0 | |a 005.1 | |
| 100 | 1 | |a Box, Don |d 1962- | |
| 245 | 1 | 0 | |a Essential COM / |c Don Box |
| 260 | |a Reading Mass. : |b Addison-Wesley, |c c1998 | ||
| 300 | |a xxiii, 440 p.; |b ill.; |c 24 cm. | ||
| 490 | 1 | |a Addison-Wesley object technology series | |
| 504 | |a Includes bibliographical references and index | ||
| 650 | 0 | 0 | |a Object-oriented programming (Computer science) |
| 650 | 0 | 0 | |a C++ (Computer program language) |
| 830 | 0 | |a Addison-Wesley object technology series | |
| 852 | |a INST |b SAMOS |e 19991101 |h 005.1 BOX |p 005300016879 |q 005300016879 |t BK |y 0 | ||
| 901 | |a BIBL3-1999-3 | ||
| 909 | |a Σ |b 068423 | ||
| 922 | |a 3ΕΛΗ |b 199909 |c ΤΠΕΣ |d ΠΑΠΑΣΩΤΗΡΙΟΥ | ||
| 970 | |a ΓΕΝΟΥΖΟΥ |b ΧΡΥΣΑΝΘΗ |z 1999/11/01 | ||